Logo BPK

Biblioteka

Politechniki Koszalińskiej

Computer operation for microscope photometry / (Rekord nr 37242)

Szczegóły MARC
000 -ETYKIETA REKORDU
podpole kontrolne o stałej długości 00676nam a2200229 i 4500
001 - NUMER KONTROLNY REKORDU
pole kontrolne bg
020 ## - MIĘDZYNARODOWY ZNORMALIZOWANY NUMER KSIĄŻKI - ISBN
ISBN 0849316979
040 ## - ŹRÓDŁO KATALOGOWANIA
Instytucja, która utworzyła rekord BPK
041 0# - KOD JĘZYKA
Kod języka tekstu en
080 ## - UNIWERSALNA KLASYFIKACJA DZIESIĘTNA - UKD
UKD 535:537.5:621.385]:004.62
920 ## - Międzynarodowy znormalizowany numer książki – ISBN
ISBN 0-8493-1697-9
008 - POLE O STAŁEJ DŁUGOŚCI - DANE KONTROLNE
podpole kontrolne o stałej długości s pl f |000 0 pol
100 1# - NAZWA OSOBOWA
Nazwa osobowa SWATLAND, Howard J.
Daty związane z nazwą (1944- )
245 10 - TYTUŁ/ODPOWIEDZIALNOŚĆ
Tytuł Computer operation for microscope photometry /
Pozostałe elementy strefy tytułu i oznaczenia odpowiedzialności Howard J. Swatland.
260 ## - STREFA ADRESU WYDAWNICZEGO
Miejsce wydania Boca Raton [etc.] :
Nazwa wydawcy/dystrybutora CRC Press,
Data publikacji, dystrybucji/powstania dokumentu cop.1999.
300 ## - STREFA OPISU FIZYCZNEGO
Objętość [12], 238 s. :
Inne cechy fizyczne rys., wykr. ;
Rozmiary 24 cm.
504 ## - UWAGA DOTYCZĄCA BIBLIOGRAFII
Informacje o bibliografii Bibliogr. s. 219-231. - Indeks.
650 #9 - HASŁO PRZEDMIOTOWE W FORMIE NAZWY OGÓLNEJ LUB JEDNOSTKOWEJ
Nazwa ogólna lub geograficzna Fotometria
650 #9 - HASŁO PRZEDMIOTOWE W FORMIE NAZWY OGÓLNEJ LUB JEDNOSTKOWEJ
Nazwa ogólna lub geograficzna Mikroskop
650 #9 - HASŁO PRZEDMIOTOWE W FORMIE NAZWY OGÓLNEJ LUB JEDNOSTKOWEJ
Nazwa ogólna lub geograficzna Przetwarzanie danych
Określnik ogólny automatyzacja
856 ## - LOKALIZACJA I DOSTĘP DO ELEKTRONICZNYCH DOKUMENTÓW ZDALNYCH
Link (URL) http://koha.tu.koszalin.pl/cgi-bin/koha/opac-detail.pl?biblionumber=37242
Tekst linku Katalog online BPK
942 ## - DODATKOWE ELEMENTY (KOHA)
Typ dokumentu Książka
Egzemplarze
Wycofany Status egzemplarza Uszkodzony Dostępność Lokalizacja stała Lokalizacja bieżąca Miejsce przechowywania Sygnatura Kod kreskowy Typ dokumentu
      Dostępny Biblioteka Politechniki Koszalińskiej Biblioteka Politechniki Koszalińskiej Wypożyczalnia BG 53073 01480764 Książka
© 2023 Biblioteka Politechniki Koszalińskiej :: KOHA